Estadísticas para Provincias de España "aquí no hay playa"

Haz click aquí para intentar la prueba.

Estadísticas generales

  • Esta prueba ha sido intentada 851 veces
  • La puntuación promedio es 23 de 28

Respuestas en el mapa

Las respuestas están codificadas por una escala verde-roja en el mapa de la prueba según el % correcto abajo.
 

Estadísticas de respuestas

Provincia% Correcto
Madrid
98%
Toledo
91%
León
90%
Cáceres
89%
Teruel
89%
Zaragoza
89%
Jaén
88%
La Rioja
87%
Sevilla
87%
Badajoz
86%
Burgos
86%
Palencia
84%
Salamanca
84%
Huesca
83%
Valladolid
83%
Ciudad Real
82%
Córdoba
82%
Cuenca
81%
Guadalajara
81%
Zamora
80%
Albacete
79%
Segovia
78%
Ávila
77%
Soria
77%
Lérida
75%
Navarra
70%
Orense
65%
Álava
64%

Distribución de puntuación

Porcentaje por número respondido

Porcentaje de gente con cada puntuación

Historial de tus puntuaciones

No has intentado esta prueba.